Movies Quiz

Random Movies or Director Quiz

Name the director Quiz Stats

 Plays Quiz not verified by Sporcle

Score 0/15 Timer 10:00
0 Plays Today
% Correct
Quentin Tarantino
94.8%
James Cameron
90.8%
Steven Spielberg
90.7%
George Lucas
85.1%
Stanley Kubrick
85%
Martin Scorsese
77.7%
Christopher Nolan
76.8%
David Fincher
75.4%
% Correct
Robert Zemeckis
69.5%
Ridley Scott
67.8%
M. Night Shyamalan
66.2%
Sam Mendes
57.9%
Alejandro Gonzalez Inarritu
55.4%
Danny Boyle
50.7%
Joel & Ethan Coen
32.2%

You're not logged in!

Compare scores with friends on all Sporcle quizzes.
OR
Log In

You Might Also Like...

Show Comments

Extras

Curator's Pick Jun 19, 2016ReportNominate
Tags:Director Quiz, film director

Top Quizzes Today


Score Distribution

Your Account Isn't Verified!

In order to create a playlist on Sporcle, you need to verify the email address you used during registration. Go to your Sporcle Settings to finish the process.

Report this User

Report this user for behavior that violates our Community Guidelines.

Details: